[Event "dgcs"]
[Site "Ostrow Wielkopolski"]
[Date "2019.10.04"]
[Round "3.1"]
[White "Przybylski, Wojciech"]
[Black "Jedynak, Radoslaw"]
[Result "1-0"]
[BlackElo "2382"]
[WhiteElo "2286"]
[LiveChessVersion "1.4.8"]

1. e4 {[%clk 0:10:04]} e6 {[%clk 0:10:05]} 2. d4 {[%clk 0:10:04]} d5
{[%clk 0:10:06]} 3. Nc3 {[%clk 0:10:04]} Bb4 {[%clk 0:10:08]} 4. a3
{[%clk 0:10:02]} Bxc3+ {[%clk 0:10:07]} 5. bxc3 {[%clk 0:10:02]} dxe4
{[%clk 0:09:26]} 6. Qg4 {[%clk 0:10:03]} Nf6 {[%clk 0:09:12]} 7. Qxg7
{[%clk 0:10:03]} Rg8 {[%clk 0:09:14]} 8. Qh6 {[%clk 0:10:03]} Nbd7
{[%clk 0:09:08]} 9. Ne2 {[%clk 0:09:56]} b6 10. c4 {[%clk 0:09:25]} Bb7
{[%clk 0:09:05]} 11. Bb2 {[%clk 0:08:11]} Qe7 {[%clk 0:08:43]} 12. h3
{[%clk 0:07:53]} O-O-O {[%clk 0:08:40]} 13. O-O-O {[%clk 0:07:25]} c5
{[%clk 0:07:21]} 14. Qe3 {[%clk 0:06:54]} cxd4 {[%clk 0:06:51]} 15. Nxd4
{[%clk 0:06:34]} Nc5 {[%clk 0:06:52]} 16. Nb5 {[%clk 0:04:24]} Rxd1+
{[%clk 0:06:51]} 17. Kxd1 {[%clk 0:04:26]} a6 {[%clk 0:06:50]} 18. Nc3
{[%clk 0:04:17]} Nfd7 {[%clk 0:06:05]} 19. Kc1 {[%clk 0:04:02]} f5
{[%clk 0:05:46]} 20. g3 {[%clk 0:04:00]} Ne5 {[%clk 0:05:42]} 21. Be2
{[%clk 0:04:01]} Rd8 {[%clk 0:05:23]} 22. Rd1 {[%clk 0:03:35]} Rxd1+
{[%clk 0:05:19]} 23. Nxd1 {[%clk 0:03:35]} Ned7 {[%clk 0:05:17]} 24. Nc3
{[%clk 0:03:29]} Kb8 {[%clk 0:05:14]} 25. Qf4+ {[%clk 0:03:17]} Ka7
{[%clk 0:05:09]} 26. Kb1 {[%clk 0:02:44]} Qf7 {[%clk 0:04:28]} 27. g4
{[%clk 0:02:42]} Qg6 {[%clk 0:04:07]} 28. gxf5 {[%clk 0:02:29]} Qxf5
{[%clk 0:03:25]} 29. Qe3 {[%clk 0:02:02]} Qg6 {[%clk 0:03:22]} 30. Qg3
{[%clk 0:01:44]} Qf5 {[%clk 0:03:18]} 31. Bg4 {[%clk 0:01:39]} Qf7
{[%clk 0:03:16]} 32. Bc1 {[%clk 0:01:22]} Qf6 {[%clk 0:02:57]} 33. Be2
{[%clk 0:01:23]} Nd3 {[%clk 0:02:23]} 34. Bd2 {[%clk 0:01:18]} Qxf2
{[%clk 0:01:56]} 35. Qxf2 {[%clk 0:01:17]} Nxf2 {[%clk 0:01:57]} 36. Be3
{[%clk 0:01:14]} Nh1 {[%clk 0:01:35]} 37. Bg4 {[%clk 0:01:14]} Ne5
{[%clk 0:01:37]} 38. Bxe6 {[%clk 0:01:14]} Ng3 {[%clk 0:01:36]} 39. Bf4
{[%clk 0:01:11]} Nxc4 {[%clk 0:01:06]} 40. Bxc4 {[%clk 0:01:03]} Nf5
{[%clk 0:01:07]} 41. a4 {[%clk 0:00:54]} Bc6 {[%clk 0:01:02]} 42. Bd5
{[%clk 0:00:46]} Bxd5 {[%clk 0:00:59]} 43. Nxd5 {[%clk 0:00:48]} b5
{[%clk 0:01:01]} 44. axb5 {[%clk 0:00:48]} axb5 {[%clk 0:01:03]} 45. Nc3
{[%clk 0:00:45]} e3 {[%clk 0:01:05]} 46. Nxb5+ {[%clk 0:00:47]} Kb6
{[%clk 0:01:07]} 47. Nd4 {[%clk 0:00:43]} Nxd4 {[%clk 0:00:49]} 48. Bxe3
{[%clk 0:00:44]} Kc5 {[%clk 0:00:52]} 49. c3 {[%clk 0:00:46]} Kd5 1-0

[Event "dgcs"]
[Site "Ostrow Wielkopolski"]
[Date "2019.10.04"]
[Round "3.2"]
[White "Budrewicz, Krzysztof"]
[Black "Dudzinski, Pawel"]
[Result "1-0"]
[BlackElo "2188"]
[WhiteElo "2336"]
[LiveChessVersion "1.4.8"]

1. d4 {[%clk 0:10:04]} f5 {[%clk 0:10:05]} 2. c4 {[%clk 0:10:04]} Nf6
{[%clk 0:10:08]} 3. Nf3 {[%clk 0:10:04]} g6 {[%clk 0:10:09]} 4. e3
{[%clk 0:10:04]} Bg7 {[%clk 0:10:11]} 5. b4 {[%clk 0:10:01]} a5 {[%clk 0:10:08]}
6. b5 {[%clk 0:10:02]} d6 {[%clk 0:10:03]} 7. Be2 {[%clk 0:10:00]} O-O
{[%clk 0:10:01]} 8. Bb2 {[%clk 0:10:00]} h6 {[%clk 0:09:46]} 9. a4
{[%clk 0:10:01]} g5 {[%clk 0:09:46]} 10. O-O {[%clk 0:09:59]} Nbd7
{[%clk 0:09:23]} 11. Qb3 {[%clk 0:09:59]} e6 {[%clk 0:09:19]} 12. Nc3
{[%clk 0:09:28]} Kh8 {[%clk 0:09:00]} 13. Rad1 {[%clk 0:08:48]} Qe8
{[%clk 0:08:54]} 14. Ba3 {[%clk 0:08:42]} g4 {[%clk 0:08:26]} 15. Nd2
{[%clk 0:08:34]} Rg8 {[%clk 0:08:06]} 16. c5 {[%clk 0:08:17]} d5 {[%clk 0:08:01]}
17. c6 {[%clk 0:08:19]} Nb6 {[%clk 0:07:53]} 18. cxb7 {[%clk 0:08:12]} Bxb7
{[%clk 0:07:55]} 19. Bd3 {[%clk 0:08:07]} Ne4 {[%clk 0:07:36]} 20. Ne2
{[%clk 0:07:58]} e5 {[%clk 0:07:11]} 21. dxe5 {[%clk 0:07:44]} Bxe5
{[%clk 0:07:13]} 22. Bb2 {[%clk 0:07:42]} Kh7 {[%clk 0:06:58]} 23. Bxe5
{[%clk 0:07:39]} Qxe5 {[%clk 0:07:01]} 24. Nxe4 {[%clk 0:07:22]} fxe4
{[%clk 0:06:08]} 25. Bb1 {[%clk 0:07:24]} Raf8 {[%clk 0:06:10]} 26. Qc3
{[%clk 0:07:14]} Qxc3 {[%clk 0:05:57]} 27. Nxc3 {[%clk 0:07:16]} c6
{[%clk 0:05:58]} 28. bxc6 {[%clk 0:06:58]} Bxc6 {[%clk 0:06:01]} 29. Rd4
{[%clk 0:06:08]} Rg5 {[%clk 0:05:46]} 30. Rc1 {[%clk 0:06:00]} Rf6
{[%clk 0:04:46]} 31. Ne2 {[%clk 0:04:52]} Bxa4 {[%clk 0:04:33]} 32. Rc5
{[%clk 0:04:28]} Bc6 {[%clk 0:03:47]} 33. Rxa5 {[%clk 0:04:24]} Nc4
{[%clk 0:02:49]} 34. Ra7+ {[%clk 0:04:24]} Rg7 {[%clk 0:02:51]} 35. Bxe4+
{[%clk 0:04:16]} dxe4 {[%clk 0:02:43]} 36. Rxg7+ {[%clk 0:04:17]} Kxg7
{[%clk 0:02:43]} 37. Rxc4 {[%clk 0:04:19]} Bb5 {[%clk 0:02:35]} 38. Rc7+
{[%clk 0:04:20]} Rf7 {[%clk 0:02:37]} 39. Rxf7+ {[%clk 0:04:05]} Kxf7
{[%clk 0:02:39]} 40. Kf1 {[%clk 0:04:07]} Kf6 {[%clk 0:02:09]} 41. Ke1
{[%clk 0:04:08]} Ke5 {[%clk 0:02:03]} 42. Kd2 {[%clk 0:04:09]} Ba6
{[%clk 0:01:47]} 43. Nf4 {[%clk 0:04:06]} Kd6 {[%clk 0:01:33]} 44. Kc3
{[%clk 0:04:08]} Ke5 {[%clk 0:01:07]} 45. Kb4 {[%clk 0:04:08]} Bc8
{[%clk 0:01:02]} 46. Kc5 {[%clk 0:04:08]} Bd7 {[%clk 0:01:04]} 47. Nd5
{[%clk 0:03:53]} Be8 {[%clk 0:01:01]} 48. Nb6 {[%clk 0:03:51]} h5
{[%clk 0:00:59]} 49. Nc4+ {[%clk 0:03:52]} Ke6 {[%clk 0:00:53]} 50. Kd4
{[%clk 0:03:53]} Bc6 {[%clk 0:00:49]} 51. Nd2 {[%clk 0:03:41]} Kf5
{[%clk 0:00:49]} 52. Kc5 {[%clk 0:03:43]} Be8 {[%clk 0:00:46]} 53. Kd6
{[%clk 0:03:42]} h4 {[%clk 0:00:47]} 54. g3 {[%clk 0:03:31]} h3 {[%clk 0:00:34]}
55. Nb3 {[%clk 0:03:22]} Kf6 {[%clk 0:00:28]} 56. Nc5 {[%clk 0:03:15]} Kf5
{[%clk 0:00:15]} 57. Kd5 {[%clk 0:03:17]} Bb5 {[%clk 0:00:13]} 58. Nb7
{[%clk 0:02:33]} Bd3 {[%clk 0:00:12]} 59. Nd6+ {[%clk 0:02:34]} Kg6
{[%clk 0:00:13]} 60. Nxe4 {[%clk 0:02:35]} Bb1 {[%clk 0:00:10]} 61. Ke5
{[%clk 0:02:37]} Bc2 62. Nf6 {[%clk 0:02:35]} Kg5 {[%clk 0:00:12]} 63. e4
{[%clk 0:02:27]} Bb1 {[%clk 0:00:14]} 64. Nd5 {[%clk 0:02:28]} Ba2
{[%clk 0:00:15]} 65. Kd4 {[%clk 0:02:21]} Bb3 {[%clk 0:00:17]} 66. Ke3
{[%clk 0:02:16]} Bd1 {[%clk 0:00:15]} 67. Ne7 {[%clk 0:01:58]} Kf6
{[%clk 0:00:17]} 68. Nf5 {[%clk 0:01:59]} Ke5 {[%clk 0:00:18]} 69. Nd4
{[%clk 0:01:54]} Ba4 {[%clk 0:00:16]} 70. f4+ {[%clk 0:01:56]} gxf3
{[%clk 0:00:16]} 71. Nxf3+ {[%clk 0:01:57]} Kf6 {[%clk 0:00:17]} 72. Kf4
{[%clk 0:01:59]} Bd1 {[%clk 0:00:17]} 73. Ng1 {[%clk 0:01:58]} 1-0

[Event "dgcs"]
[Site "Ostrow Wielkopolski"]
[Date "2019.10.04"]
[Round "3.3"]
[White "Lewandowski, Krzysztof"]
[Black "Krzywda, Andrzej"]
[Result "1/2-1/2"]
[BlackElo "2067"]
[WhiteElo "2081"]
[LiveChessVersion "1.4.8"]

1. d4 {[%clk 0:10:03]} Nf6 {[%clk 0:10:05]} 2. c4 {[%clk 0:10:04]} e6
{[%clk 0:10:07]} 3. Nf3 {[%clk 0:10:05]} b6 {[%clk 0:10:08]} 4. g3
{[%clk 0:10:00]} Bb7 {[%clk 0:10:10]} 5. Bg2 {[%clk 0:10:00]} c5 {[%clk 0:10:09]}
6. O-O {[%clk 0:09:44]} cxd4 {[%clk 0:10:10]} 7. Qxd4 {[%clk 0:09:45]} Nc6
{[%clk 0:10:12]} 8. Qd1 {[%clk 0:09:42]} Rc8 {[%clk 0:10:07]} 9. b3
{[%clk 0:09:43]} d5 {[%clk 0:09:58]} 10. cxd5 {[%clk 0:09:35]} Qxd5
{[%clk 0:09:29]} 11. Bb2 {[%clk 0:08:02]} Qxd1 {[%clk 0:08:40]} 12. Rxd1
{[%clk 0:08:03]} Bc5 {[%clk 0:08:33]} 13. Nbd2 {[%clk 0:07:50]} O-O
{[%clk 0:08:15]} 14. Bxf6 {[%clk 0:07:50]} gxf6 {[%clk 0:08:16]} 15. Ne4
{[%clk 0:07:52]} Be7 {[%clk 0:08:09]} 16. Rd7 {[%clk 0:07:53]} Ba6
{[%clk 0:05:43]} 17. e3 {[%clk 0:06:44]} Rfd8 {[%clk 0:05:17]} 18. Rxd8+
{[%clk 0:05:35]} Rxd8 {[%clk 0:04:54]} 19. h4 {[%clk 0:04:46]} Nb4
{[%clk 0:04:21]} 20. Nd4 {[%clk 0:04:13]} Rc8 {[%clk 0:03:38]} 21. a4
{[%clk 0:03:04]} f5 {[%clk 0:03:27]} 22. Ng5 {[%clk 0:03:01]} Bf6
{[%clk 0:02:39]} 23. Rd1 {[%clk 0:02:40]} Rd8 {[%clk 0:02:24]} 24. Rc1
{[%clk 0:02:33]} Rc8 {[%clk 0:01:52]} 25. Rxc8+ {[%clk 0:01:53]} Bxc8
{[%clk 0:01:53]} 26. Nc6 {[%clk 0:01:55]} Nxc6 {[%clk 0:01:48]} 27. Bxc6
{[%clk 0:01:57]} h6 {[%clk 0:01:30]} 28. Nf3 {[%clk 0:01:43]} Kf8
{[%clk 0:01:29]} 29. Nd2 {[%clk 0:01:13]} Ke7 {[%clk 0:01:21]} 30. Nc4
{[%clk 0:01:02]} Ba6 {[%clk 0:01:19]} 31. Kf1 {[%clk 0:00:30]} Bc3
{[%clk 0:01:13]} 32. Ke2 {[%clk 0:00:31]} f6 {[%clk 0:01:03]} 33. Kd3
{[%clk 0:00:25]} Be1 {[%clk 0:01:03]} 34. Ke2 {[%clk 0:00:27]} Bb4
{[%clk 0:01:05]} 35. Bb5 {[%clk 0:00:11]} Bb7 {[%clk 0:01:05]} 36. Nb2
{[%clk 0:00:08]} Bc5 {[%clk 0:00:49]} 37. Nd3 {[%clk 0:00:09]} Bd6
{[%clk 0:00:50]} 38. Nb2 {[%clk 0:00:10]} Bc7 {[%clk 0:00:47]} 39. Bd3
{[%clk 0:00:09]} Bd5 {[%clk 0:00:42]} 40. Bc4 {[%clk 0:00:11]} Bc6
{[%clk 0:00:41]} 41. Bd3 {[%clk 0:00:12]} Bb7 {[%clk 0:00:36]} 42. Bc4
{[%clk 0:00:14]} Bd6 {[%clk 0:00:34]} 43. Bd3 {[%clk 0:00:16]} Bb4
{[%clk 0:00:33]} 44. Bb5 {[%clk 0:00:16]} Bc3 {[%clk 0:00:32]} 45. Nd1
{[%clk 0:00:16]} Be5 {[%clk 0:00:30]} 46. f4 {[%clk 0:00:13]} Bc7
{[%clk 0:00:27]} 47. Nb2 {[%clk 0:00:11]} Be4 {[%clk 0:00:15]} 48. Bd3
{[%clk 0:00:12]} Bd5 {[%clk 0:00:17]} 49. Bc4 {[%clk 0:00:14]} Bc6
{[%clk 0:00:18]} 50. Nd3 {[%clk 0:00:13]} Bd6 51. Nb2 {[%clk 0:00:13]} Be4
{[%clk 0:00:18]} 52. Bd3 {[%clk 0:00:14]} Bd5 {[%clk 0:00:20]} 53. Bc4
{[%clk 0:00:15]} Bb7 {[%clk 0:00:22]} 54. Bd3 {[%clk 0:00:17]} Ba3
{[%clk 0:00:13]} 55. Nc4 {[%clk 0:00:20]} Bc5 {[%clk 0:00:15]} 56. Nb2
{[%clk 0:00:18]} Bc6 {[%clk 0:00:12]} 57. Bc4 {[%clk 0:00:19]} Kd6
{[%clk 0:00:11]} 58. Nd3 {[%clk 0:00:21]} Ba3 {[%clk 0:00:10]} 59. Kd2
{[%clk 0:00:18]} Be4 {[%clk 0:00:10]} 60. Nf2 {[%clk 0:00:14]} Bc6
{[%clk 0:00:06]} 61. Nd3 {[%clk 0:00:14]} Be4 {[%clk 0:00:08]} 62. Nf2
{[%clk 0:00:16]} Bf3 {[%clk 0:00:09]} 63. Nd3 {[%clk 0:00:18]} Bb7
{[%clk 0:00:07]} 64. Kc2 {[%clk 0:00:18]} Be4 {[%clk 0:00:09]} 65. Kd2
{[%clk 0:00:20]} Bc5 {[%clk 0:00:06]} 66. Nf2 {[%clk 0:00:22]} Bf3
{[%clk 0:00:08]} 67. Nd3 {[%clk 0:00:20]} Ba3 {[%clk 0:00:09]} 68. Ne1
{[%clk 0:00:19]} Bc6 {[%clk 0:00:11]} 69. Nd3 {[%clk 0:00:20]} Be4
{[%clk 0:00:12]} 70. Nf2 1/2-1/2

[Event "dgcs"]
[Site "Ostrow Wielkopolski"]
[Date "2019.10.04"]
[Round "3.5"]
[White "Janaszak, Dawid"]
[Black "Czyz, Andrzej"]
[Result "1-0"]
[BlackElo "1773"]
[WhiteElo "2256"]
[LiveChessVersion "1.4.8"]

1. e4 {[%clk 0:10:04]} d5 {[%clk 0:10:00]} 2. exd5 {[%clk 0:10:05]} Nf6
{[%clk 0:10:01]} 3. Nf3 {[%clk 0:10:05]} Nxd5 {[%clk 0:10:00]} 4. c4
{[%clk 0:10:05]} Nb6 {[%clk 0:09:59]} 5. h3 {[%clk 0:10:02]} Nc6 {[%clk 0:09:54]}
6. d4 {[%clk 0:10:02]} e6 {[%clk 0:09:46]} 7. Nc3 {[%clk 0:09:59]} Be7
{[%clk 0:09:38]} 8. Be2 {[%clk 0:09:56]} Bf6 {[%clk 0:09:37]} 9. Be3
{[%clk 0:09:52]} O-O {[%clk 0:09:33]} 10. O-O {[%clk 0:09:52]} Re8
{[%clk 0:09:23]} 11. Rc1 {[%clk 0:09:49]} e5 {[%clk 0:08:52]} 12. d5
{[%clk 0:09:33]} Ne7 {[%clk 0:08:33]} 13. Ne4 {[%clk 0:09:32]} Nf5
{[%clk 0:08:30]} 14. Bc5 {[%clk 0:09:09]} Nd7 {[%clk 0:08:07]} 15. Ba3
{[%clk 0:09:06]} Nf8 {[%clk 0:07:39]} 16. c5 {[%clk 0:08:57]} Nd4
{[%clk 0:07:14]} 17. Bc4 {[%clk 0:08:35]} Bf5 {[%clk 0:06:42]} 18. Nxf6+
{[%clk 0:07:52]} Qxf6 {[%clk 0:06:36]} 19. Nxd4 {[%clk 0:07:50]} exd4
{[%clk 0:06:36]} 20. Qf3 {[%clk 0:07:33]} Qg6 {[%clk 0:05:36]} 21. Rfd1
{[%clk 0:06:51]} Nd7 {[%clk 0:04:28]} 22. Rxd4 {[%clk 0:06:32]} Ne5
{[%clk 0:04:04]} 23. Qb3 {[%clk 0:05:50]} Be4 {[%clk 0:03:49]} 24. Qg3
{[%clk 0:05:35]} Qxg3 {[%clk 0:01:57]} 25. fxg3 {[%clk 0:05:36]} Nxc4
{[%clk 0:01:39]} 26. Rcxc4 {[%clk 0:05:36]} f5 {[%clk 0:01:41]} 27. Rc1
{[%clk 0:05:20]} Rad8 {[%clk 0:01:42]} 28. Rcd1 {[%clk 0:05:22]} Rd7
{[%clk 0:01:43]} 29. b4 {[%clk 0:04:57]} a6 {[%clk 0:01:46]} 30. Bc1
{[%clk 0:04:57]} h6 {[%clk 0:01:45]} 31. Kf2 {[%clk 0:04:43]} Red8
{[%clk 0:01:48]} 32. d6 {[%clk 0:04:44]} cxd6 {[%clk 0:01:45]} 33. cxd6
{[%clk 0:04:45]} Kf7 {[%clk 0:01:44]} 34. g4 {[%clk 0:04:45]} g6 {[%clk 0:01:47]}
35. Bxh6 {[%clk 0:04:42]} Ke6 {[%clk 0:01:47]} 36. Bf4 {[%clk 0:04:39]} Rc8
{[%clk 0:01:47]} 37. R1d2 {[%clk 0:04:36]} Rc6 {[%clk 0:01:38]} 38. gxf5+
{[%clk 0:04:30]} gxf5 {[%clk 0:01:22]} 39. h4 {[%clk 0:04:31]} b6
{[%clk 0:01:17]} 40. h5 {[%clk 0:04:30]} a5 {[%clk 0:01:20]} 41. h6
{[%clk 0:04:25]} a4 {[%clk 0:01:17]} 42. g4 {[%clk 0:04:12]} Rc3 {[%clk 0:00:54]}
43. Be3 {[%clk 0:03:46]} Bb1 {[%clk 0:00:33]} 44. gxf5+ {[%clk 0:03:37]} Bxf5
{[%clk 0:00:29]} 45. Rh4 {[%clk 0:03:26]} b5 {[%clk 0:00:20]} 46. Bc5
{[%clk 0:03:22]} Rc2 {[%clk 0:00:18]} 47. Ke3 {[%clk 0:03:11]} Rxd2
{[%clk 0:00:19]} 48. Kxd2 {[%clk 0:03:13]} Rh7 {[%clk 0:00:08]} 49. Rh2
{[%clk 0:03:13]} Kf6 {[%clk 0:00:08]} 50. Rf2 {[%clk 0:03:03]} Kg6
{[%clk 0:00:11]} 51. Rg2+ {[%clk 0:03:00]} Kxh6 {[%clk 0:00:12]} 52. Be3+
{[%clk 0:03:03]} Kh5 53. Rg5+ {[%clk 0:03:03]} Kh4 {[%clk 0:00:15]} 54. Rxf5
{[%clk 0:03:05]} Kg4 {[%clk 0:00:16]} 55. Rd5 {[%clk 0:03:06]} Rd7
{[%clk 0:00:17]} 56. Kd3 {[%clk 0:03:04]} Kf3 {[%clk 0:00:19]} 57. Bb6
{[%clk 0:03:02]} Kf4 {[%clk 0:00:13]} 58. Bc7 {[%clk 0:03:04]} Kf3
{[%clk 0:00:13]} 59. Rxb5 {[%clk 0:03:06]} 1-0

[Event "dgcs"]
[Site "Ostrow Wielkopolski"]
[Date "2019.10.04"]
[Round "3.6"]
[White "Dixa, Stanislaw"]
[Black "Delega, Tomasz"]
[Result "0-1"]
[BlackElo "2004"]
[WhiteElo "1587"]
[LiveChessVersion "1.4.8"]

1. d4 {[%clk 0:10:05]} Nf6 {[%clk 0:10:02]} 2. Nf3 {[%clk 0:10:07]} e6
{[%clk 0:10:02]} 3. e3 c5 {[%clk 0:09:56]} 4. b3 {[%clk 0:10:10]} cxd4
{[%clk 0:09:33]} 5. exd4 {[%clk 0:10:07]} Bb4+ {[%clk 0:09:30]} 6. c3
{[%clk 0:09:49]} Be7 {[%clk 0:09:27]} 7. Bd3 {[%clk 0:09:50]} b6 {[%clk 0:09:17]}
8. O-O {[%clk 0:09:50]} Bb7 {[%clk 0:09:18]} 9. Nbd2 {[%clk 0:09:43]} O-O
{[%clk 0:09:13]} 10. Bb2 {[%clk 0:09:37]} d6 {[%clk 0:09:05]} 11. c4
{[%clk 0:09:37]} d5 {[%clk 0:08:51]} 12. Ne5 {[%clk 0:09:32]} Nbd7
{[%clk 0:08:48]} 13. f4 {[%clk 0:09:27]} Rc8 {[%clk 0:08:46]} 14. Qe2
{[%clk 0:09:14]} Rc7 {[%clk 0:08:28]} 15. g4 {[%clk 0:08:24]} Qa8
{[%clk 0:08:13]} 16. g5 {[%clk 0:08:19]} Ne4 {[%clk 0:08:09]} 17. Ndf3
{[%clk 0:08:04]} Nxe5 {[%clk 0:07:40]} 18. Nxe5 f6 {[%clk 0:06:18]} 19. gxf6
{[%clk 0:07:55]} Bxf6 {[%clk 0:06:07]} 20. Qg4 {[%clk 0:07:24]} Re8
{[%clk 0:06:04]} 21. Rf3 {[%clk 0:06:03]} dxc4 {[%clk 0:05:32]} 22. bxc4
{[%clk 0:05:21]} Bxe5 {[%clk 0:04:08]} 23. fxe5 {[%clk 0:05:04]} Nd2
{[%clk 0:03:56]} 24. Rg3 Be4 25. Be2 {[%clk 0:01:55]} Bf5 {[%clk 0:01:45]} 26.
Qf4 {[%clk 0:01:13]} Nxc4 {[%clk 0:01:43]} 27. Rc1 {[%clk 0:01:06]} Rec8
{[%clk 0:01:44]} 28. Bf3 {[%clk 0:00:35]} Qb8 {[%clk 0:01:42]} 29. Qg5
{[%clk 0:00:26]} Nxb2 {[%clk 0:01:38]} 30. Rxc7 {[%clk 0:00:06]} Qxc7
{[%clk 0:01:35]} 31. h4 {[%clk 0:00:07]} Qc1+ {[%clk 0:01:35]} 32. Kh2
{[%clk 0:00:08]} Qxg5 {[%clk 0:01:36]} 33. Rxg5 {[%clk 0:00:10]} 0-1

[Event "dgcs"]
[Site "Ostrow Wielkopolski"]
[Date "2019.10.04"]
[Round "4.1"]
[White "Budrewicz, Krzysztof"]
[Black "Przybylski, Wojciech"]
[Result "1-0"]
[BlackElo "2286"]
[WhiteElo "2336"]
[LiveChessVersion "1.4.8"]

1. d4 {[%clk 0:10:03]} Nf6 {[%clk 0:10:04]} 2. c4 {[%clk 0:10:04]} e6
{[%clk 0:10:04]} 3. Nf3 {[%clk 0:10:06]} b6 {[%clk 0:09:57]} 4. g3
{[%clk 0:10:03]} Ba6 {[%clk 0:09:57]} 5. Qa4 {[%clk 0:10:03]} Bb7
{[%clk 0:09:56]} 6. Bg2 {[%clk 0:10:04]} Be7 {[%clk 0:09:55]} 7. O-O
{[%clk 0:10:03]} O-O 8. Nc3 {[%clk 0:09:13]} d6 {[%clk 0:09:22]} 9. Qc2
{[%clk 0:08:39]} d5 {[%clk 0:09:00]} 10. cxd5 {[%clk 0:08:22]} exd5
{[%clk 0:08:55]} 11. Bf4 {[%clk 0:08:18]} c6 {[%clk 0:08:37]} 12. Rad1
{[%clk 0:07:38]} Na6 {[%clk 0:08:00]} 13. Ne5 {[%clk 0:07:24]} Nc7
{[%clk 0:07:26]} 14. e4 {[%clk 0:06:33]} Rc8 {[%clk 0:05:31]} 15. Rfe1
{[%clk 0:06:27]} Ne6 {[%clk 0:04:59]} 16. Be3 {[%clk 0:05:30]} b5
{[%clk 0:03:48]} 17. exd5 {[%clk 0:05:22]} cxd5 {[%clk 0:03:48]} 18. Qb3
{[%clk 0:04:30]} a6 {[%clk 0:03:00]} 19. Bh3 {[%clk 0:04:31]} Ne8
{[%clk 0:01:53]} 20. Nxf7 {[%clk 0:04:26]} Qb6 {[%clk 0:01:35]} 21. Ne5
{[%clk 0:03:43]} Qd6 {[%clk 0:01:22]} 22. Ne4 {[%clk 0:03:23]} dxe4
{[%clk 0:00:33]} 23. Qxe6+ {[%clk 0:03:16]} Kh8 24. Nf7+ {[%clk 0:03:02]} Rxf7
{[%clk 0:00:20]} 25. Qxf7 Rd8 26. Bf4 {[%clk 0:02:57]} Qd5 {[%clk 0:00:05]} 27.
Be6 {[%clk 0:02:56]} Nd6 {[%clk 0:00:05]} 28. Bxd5 {[%clk 0:02:52]} Nxf7
{[%clk 0:00:07]} 29. Bxf7 {[%clk 0:02:54]} Bb4 {[%clk 0:00:06]} 30. Rf1
{[%clk 0:02:47]} h6 {[%clk 0:00:07]} 31. d5 {[%clk 0:02:47]} Rf8 {[%clk 0:00:06]}
32. Be6 {[%clk 0:02:49]} 1-0

[Event "dgcs"]
[Site "Ostrow Wielkopolski"]
[Date "2019.10.04"]
[Round "4.2"]
[White "Krzywda, Andrzej"]
[Black "Andrejczuk, Beata"]
[Result "1-0"]
[BlackElo "1981"]
[WhiteElo "2067"]
[LiveChessVersion "1.4.8"]

1. d4 {[%clk 0:10:03]} Nf6 {[%clk 0:10:04]} 2. c4 {[%clk 0:10:03]} c5
{[%clk 0:10:05]} 3. d5 {[%clk 0:10:04]} b5 {[%clk 0:10:07]} 4. cxb5
{[%clk 0:10:06]} a6 {[%clk 0:10:08]} 5. e3 {[%clk 0:10:08]} axb5 {[%clk 0:10:09]}
6. Bxb5 {[%clk 0:10:08]} Ba6 {[%clk 0:09:57]} 7. Nc3 {[%clk 0:09:57]} Bxb5
{[%clk 0:09:42]} 8. Nxb5 {[%clk 0:09:59]} d6 {[%clk 0:09:24]} 9. Nf3
{[%clk 0:09:37]} g6 {[%clk 0:09:20]} 10. O-O {[%clk 0:09:37]} Bg7
{[%clk 0:09:20]} 11. Re1 {[%clk 0:08:55]} O-O {[%clk 0:08:53]} 12. e4
{[%clk 0:08:03]} Qb6 {[%clk 0:08:41]} 13. a4 {[%clk 0:07:31]} Nbd7
{[%clk 0:08:30]} 14. h3 {[%clk 0:07:20]} Rfb8 {[%clk 0:07:51]} 15. Qe2
{[%clk 0:06:50]} Ne8 {[%clk 0:07:04]} 16. Bf4 {[%clk 0:05:52]} Nc7
{[%clk 0:06:52]} 17. Nxc7 {[%clk 0:05:21]} Qxc7 {[%clk 0:06:52]} 18. e5
{[%clk 0:05:11]} Rb4 {[%clk 0:06:15]} 19. Bg3 {[%clk 0:03:56]} Nb6
{[%clk 0:04:37]} 20. a5 {[%clk 0:02:54]} Nxd5 {[%clk 0:04:07]} 21. Rad1
{[%clk 0:02:47]} Nf4 {[%clk 0:03:48]} 22. Qd2 {[%clk 0:02:34]} dxe5
{[%clk 0:03:41]} 23. a6 {[%clk 0:01:55]} Qb6 {[%clk 0:02:22]} 24. Nxe5
{[%clk 0:01:35]} Rd4 {[%clk 0:02:12]} 25. Qe3 {[%clk 0:01:13]} Nd5
{[%clk 0:01:54]} 26. Qf3 {[%clk 0:01:08]} Bxe5 {[%clk 0:00:48]} 27. Bxe5
{[%clk 0:01:05]} Rxd1 {[%clk 0:00:41]} 28. Rxd1 {[%clk 0:01:06]} e6
{[%clk 0:00:32]} 29. Qg3 {[%clk 0:00:17]} f5 {[%clk 0:00:22]} 30. Qg5
{[%clk 0:00:13]} Rxa6 {[%clk 0:00:09]} 31. Qh6 {[%clk 0:00:08]} Kf7
{[%clk 0:00:09]} 32. Qg7+ {[%clk 0:00:08]} Ke8 {[%clk 0:00:11]} 33. Qg8+
{[%clk 0:00:07]} Ke7 {[%clk 0:00:10]} 34. Qxh7+ {[%clk 0:00:08]} Kd8
{[%clk 0:00:10]} 35. Qg8+ {[%clk 0:00:10]} Kd7 {[%clk 0:00:11]} 36. Qf7+
{[%clk 0:00:08]} Kc8 {[%clk 0:00:12]} 37. Qe8+ {[%clk 0:00:08]} Qd8
{[%clk 0:00:13]} 38. Qb5 {[%clk 0:00:08]} Rb6 {[%clk 0:00:13]} 39. Qxc5+
{[%clk 0:00:09]} Kb7 {[%clk 0:00:15]} 40. Rc1 {[%clk 0:00:09]} Qd7
{[%clk 0:00:15]} 41. Qf8 {[%clk 0:00:09]} Ra6 {[%clk 0:00:12]} 42. Qb8#
{[%clk 0:00:08]} 1-0

[Event "dgcs"]
[Site "Ostrow Wielkopolski"]
[Date "2019.10.04"]
[Round "4.3"]
[White "Dudzinski, Pawel"]
[Black "Plichta, Kamil"]
[Result "1-0"]
[BlackElo "2409"]
[WhiteElo "2188"]
[LiveChessVersion "1.4.8"]

1. e4 {[%clk 0:10:05]} Nf6 {[%clk 0:10:05]} 2. Nc3 {[%clk 0:09:59]} d5
{[%clk 0:10:06]} 3. exd5 {[%clk 0:09:55]} Nxd5 {[%clk 0:10:07]} 4. Nf3
{[%clk 0:09:52]} Nc6 {[%clk 0:10:08]} 5. g3 {[%clk 0:09:47]} e5 6. Bg2
{[%clk 0:09:19]} Nxc3 {[%clk 0:09:51]} 7. bxc3 {[%clk 0:09:20]} Bd6
{[%clk 0:09:17]} 8. O-O {[%clk 0:09:17]} O-O {[%clk 0:09:13]} 9. d4
{[%clk 0:09:05]} exd4 {[%clk 0:09:07]} 10. cxd4 {[%clk 0:09:07]} Bg4
{[%clk 0:08:42]} 11. h3 {[%clk 0:08:53]} Bh5 {[%clk 0:08:43]} 12. Rb1
{[%clk 0:08:50]} Rb8 {[%clk 0:08:45]} 13. Be3 {[%clk 0:08:19]} Na5
{[%clk 0:07:17]} 14. Rb5 {[%clk 0:08:06]} Bxf3 {[%clk 0:07:11]} 15. Qxf3
{[%clk 0:07:59]} c6 {[%clk 0:07:01]} 16. Rh5 {[%clk 0:07:42]} Nc4
{[%clk 0:05:36]} 17. d5 {[%clk 0:07:11]} Nxe3 {[%clk 0:05:16]} 18. Qxe3
{[%clk 0:07:10]} c5 {[%clk 0:05:06]} 19. Be4 {[%clk 0:06:45]} g6 {[%clk 0:05:07]}
20. Qh6 {[%clk 0:06:40]} Re8 {[%clk 0:05:05]} 21. Bxg6 {[%clk 0:06:02]} fxg6
{[%clk 0:04:42]} 22. Qxh7+ {[%clk 0:06:04]} Kf8 {[%clk 0:04:44]} 23. Qh8+
{[%clk 0:05:45]} 1-0